000 00995nas a2200313 4500
001 BR0300255
003 BR-BrBNA
005 20231205103520.0
007 ta
008 230509b bl.|||p| |||| 00| 00por d
040 _aBR-BrBNA
_bpor
_cBiblioteca Nacional de Agricultura
041 _a(Pt)
072 _aF01; F02; F04
100 1 _aRezende, P.M. de
100 1 _aAndrade, M.J.B. de
100 1 _aResende, G.M.
100 1 _aBotrel, E.P.
245 1 _aMaximização da exploração da soja (Glycuine max (L.)Merrill); 13: efeito da época de corte e da adubação fosfatada na produção de feno e grãos da rebrota
650 _aFERTILIZANTE FOSFATADO
650 _aSOJA
650 _aFENO
650 _aGRÃO
650 _aÉPOCA DE CORTE
650 _aREBROTA
650 _aADUBAÇÃO
773 0 _tCiência e Agrotecnologia (Brazil)
_xISSN 1413-7054
_g(Mar-Apr 2001), v. 25(2) p. 311-320
_wBR0300255
909 _a202311
_bLúcia
_c55
_dLúcia Elande
942 _2AGRIS
_n0
_cANA
999 _c173282
_d173282